00831nam a22002537a 450000500170000001000130001702000100003003500130004003700160005304000120006908200200008110000260010124500500012726000350017727000320021230000200024449000250026450000180028965000380030765000350034594200290038099900190040995201490042820170124105933.0 aA-239295 c00.00 aA-239295 bCen Lib/Ret aDPLbEN a301.350951bTUN aTung, Fei Hsiao98787 aChinese village close-up /cby Fei Hsiao Tung aBeijingbNew world pressc1983 bChinaa24 Baiwanzhuang road a269p.c20cm(Hb) aChina studies sereis aInludes index aVillage development--China991080 aSocial structure--China991081 2ddccENh301.350951mTUN c123982d123982 04104070aLbLd2015-06-13eCen Lib/Retg0.00l0o301.350951 TUNpA-239295r2015-06-13 00:00:00t1v0.00w2015-06-13yENzW/d list no. 6834/11